[Event "16e Tournoi d'Automne - Tournoi B"]
[Site "Montigny le Bretonneux"]
[Date "2017.10.21"]
[Round "1.1"]
[White "Bremond, Louis"]
[Black "Chitrit, Norbert"]
[Result "1-0"]
[WhiteElo "1844"]
[BlackElo "1768"]
[Annotator "Rivier,Sylvain"]
[PlyCount "138"]
[EventDate "2017.??.??"]
[WhiteTeam "Lutèce Echecs"]
[BlackTeam "Tour Blanche Echecs"]

{Début Ponziani} 1. e4 e5 2. Nf3 Nc6 3. d4 exd4 4. Bc4 Bc5 5. c3 d3 6. Qxd3 d6
7. O-O Nf6 8. b4 Bb6 9. b5 Ne5 10. Nxe5 dxe5 11. Qxd8+ Kxd8 12. Bg5 Ke7 13. Nd2
Be6 14. a4 Ba5 15. Rac1 c6 16. f4 Bb6+ 17. Kh1 Be3 18. Bxe6 Bxd2 19. Rc2 Bxf4
20. Bxf4 Kxe6 21. Be3 Nxe4 22. Rb1 c5 23. b6 a6 24. Re1 f5 25. c4 Rad8 26. a5
Rd3 27. Rce2 Rc8 28. g4 g6 29. gxf5+ gxf5 30. Rg2 f4 31. Bxf4 exf4 32. Rxe4+
Kf5 33. Re7 f3 34. Rg1 Rcd8 35. Rxb7 R3d7 36. Rxd7 Rxd7 37. Rb1 Rb7 38. Kg1 Ke6
39. Kf2 Ke5 40. Kxf3 Kd4 41. Kf4 Kxc4 42. Ke4 Kc3 43. Kd5 c4 44. Kc6 Rb8 45. b7
Kc2 46. Kc7 Kxb1 47. Kxb8 c3 48. Kc7 c2 49. b8=Q+ Ka2 50. Qg8+ Kb2 51. Qg2 h5
52. Qd2 h4 53. h3 Kb1 54. Qb4+ Ka2 55. Qc3 Kb1 56. Qb3+ Ka1 57. Qc3+ Kb1 58.
Kb6 c1=Q 59. Qxc1+ Kxc1 60. Kxa6 Kd2 61. Kb6 Ke3 62. a6 Kf3 63. a7 Kg3 64. a8=Q
Kxh3 65. Qh1+ Kg4 66. Kc5 h3 67. Kd4 Kh4 68. Kd3 h2 69. Ke4 Kg3 1-0

[Event "16e Tournoi d'Automne - Tournoi B"]
[Site "Montigny le Bretonneux"]
[Date "2017.10.21"]
[Round "1.2"]
[White "Verat-Fayolle, Celian"]
[Black "Conq, Alain"]
[Result "0-1"]
[WhiteElo "1734"]
[BlackElo "1829"]
[Annotator "Rivier,Sylvain"]
[PlyCount "98"]
[EventDate "2017.??.??"]
[WhiteTeam "Saint-Quentin en Yvelines"]
[BlackTeam "Echiquier Scéen - Sceaux"]

{Défense sicilienne, variante O'Kelly} 1. e4 c5 2. Nf3 a6 3. c3 e6 4. d4 d5 5.
e5 Bd7 6. Bd3 Bb5 7. O-O Qb6 8. a4 Bxd3 9. Qxd3 Nc6 10. dxc5 Bxc5 11. b4 Be7
12. Re1 h5 13. Bf4 Nh6 14. Bxh6 Rxh6 15. h4 Qd8 16. g3 g5 17. hxg5 Bxg5 18. Kg2
h4 19. Rh1 hxg3 20. Rxh6 Bxh6 21. fxg3 Qc7 22. Qh7 Bf8 23. Qh5 O-O-O 24. Nbd2
Bg7 25. Re1 Kb8 26. Nb3 Rh8 27. Qg5 Bf8 28. Qe3 Ne7 29. Qc5 Nf5 30. Qxc7+ Kxc7
31. Nbd4 Nxd4 32. Nxd4 Bg7 33. Rf1 Rf8 34. g4 Kd7 35. Re1 f6 36. exf6 Rxf6 37.
Kg3 Rg6 38. Kh4 Bf6+ 39. g5 Bxg5+ 40. Kh5 Bd2 41. Kxg6 Bxe1 42. Ne2 Kd6 43. Kf6
b6 44. b5 a5 45. Kf7 e5 46. Kf6 e4 47. Kf5 Kc5 48. Ke5 Kc4 49. Nf4 Bxc3+ 0-1

[Event "16e Tournoi d'Automne - Tournoi B"]
[Site "Montigny le Bretonneux"]
[Date "2017.10.21"]
[Round "1.3"]
[White "Duval, Dominique"]
[Black "Taramelli, Marc"]
[Result "0-1"]
[WhiteElo "1718"]
[BlackElo "1787"]
[Annotator "Rivier,Sylvain"]
[PlyCount "84"]
[EventDate "2017.??.??"]
[WhiteTeam "La Dame Noire"]
[BlackTeam "Club d'Echecs Ermontois"]

{Partie du pion dame} 1. d4 d5 2. Nf3 Nf6 3. e3 e6 4. Bd3 c5 5. b3 Nc6 6. Nbd2
a6 7. Bb2 b5 8. c4 bxc4 9. bxc4 Bd7 10. O-O Be7 11. Ne5 cxd4 12. Nxc6 Bxc6 13.
Bxd4 O-O 14. Qe2 Qd7 15. Nf3 dxc4 16. Bxc4 Bb5 17. Rfd1 Bxc4 18. Qxc4 Rfc8 19.
Qe2 Qa4 20. Ne5 Rc2 21. Qf3 Rac8 22. Qb7 Qa3 23. Qb3 Qa5 24. h3 Ne4 25. Nd3 Qf5
26. f3 Nd2 27. Qb7 Qxd3 28. Qxe7 Nxf3+ 29. Kh1 Qe2 30. Rg1 Nxg1 31. Rxg1 Qh5
32. Rf1 Qg6 33. Qb7 h5 34. a4 a5 35. Rg1 h4 36. Rf1 Rc1 37. Qf3 Rxf1+ 38. Qxf1
Rb8 39. Qf3 Rb1+ 40. Kh2 Qg3+ 41. Qxg3 hxg3+ 42. Kxg3 Rb4 0-1

[Event "16e Tournoi d'Automne - Tournoi B"]
[Site "Montigny le Bretonneux"]
[Date "2017.10.21"]
[Round "1.4"]
[White "Plantet, Marc"]
[Black "Couronne, Patrice"]
[Result "1-0"]
[WhiteElo "1765"]
[BlackElo "1657"]
[Annotator "Rivier,Sylvain"]
[PlyCount "66"]
[EventDate "2017.??.??"]
[WhiteTeam "ECHECS 78"]
[BlackTeam "La Dame Noire"]

{Défense sicilienne, attaque Canal-Sokolsky} 1. e4 c5 2. Nf3 Nc6 3. Bb5 d6 4.
O-O Bd7 5. c3 g6 6. d4 cxd4 7. cxd4 Bg7 8. Nc3 Nf6 9. e5 dxe5 10. dxe5 Ng4 11.
Bf4 Ngxe5 12. Nxe5 Nxe5 13. Qc2 Nc6 14. Rfe1 Nd4 15. Bxd7+ Qxd7 16. Qe4 Ne6 17.
Rad1 Nc5 18. Qe3 Bd4 19. Qxd4 Qxd4 20. Rxd4 Ne6 21. Be5 O-O 22. Rd7 Nc5 23.
Rxe7 Nd3 24. Rd1 Nxb2 25. Rdd7 Nc4 26. Bf4 Kg7 27. Rxb7 a5 28. h4 h6 29. Rbc7
Nb6 30. Be5+ Kg8 31. Rc6 Nc8 32. Rb7 Re8 33. f4 Re7 1-0

[Event "16e Tournoi d'Automne - Tournoi B"]
[Site "Montigny le Bretonneux"]
[Date "2017.10.21"]
[Round "1.5"]
[White "Claisse, Patrick"]
[Black "Gazay, Didier"]
[Result "1/2-1/2"]
[WhiteElo "1748"]
[BlackElo "1757"]
[Annotator "Rivier,Sylvain"]
[PlyCount "59"]
[EventDate "2017.??.??"]
[WhiteTeam "CE Le Roi Soleil - Le Chesnay - Versailles"]
[BlackTeam "Echiquier Scéen - Sceaux"]

{Défense française, variante Tarrasch fermée} 1. e4 e6 2. d4 d5 3. Nd2 Nf6
4. Bd3 c5 5. c3 cxd4 6. cxd4 Nc6 7. e5 Nd7 8. Ne2 Be7 9. O-O a6 10. f4 f5 11.
Nf3 b5 12. a3 Nb6 13. b3 Bd7 14. Bd2 O-O 15. Be1 Be8 16. Bf2 Kh8 17. Qe1 b4 18.
a4 Na5 19. Rb1 Nc6 20. Bh4 g6 21. Bg5 Bxg5 22. Nxg5 Qe7 23. Rf3 Bf7 24. h4 h5
25. Rg3 Be8 26. Rc1 Bd7 27. Nf3 Rg8 28. Rg5 Qe8 29. Rg3 Qe7 30. Rg5 1/2-1/2

[Event "16e Tournoi d'Automne - Tournoi B"]
[Site "Montigny le Bretonneux"]
[Date "2017.10.22"]
[Round "2.1"]
[White "Gazay, Didier"]
[Black "Bremond, Louis"]
[Result "0-1"]
[WhiteElo "1757"]
[BlackElo "1844"]
[Annotator "Rivier,Sylvain"]
[PlyCount "100"]
[EventDate "2017.??.??"]

{Ouverture anglaise, variante Botvinnik} 1. c4 Nf6 2. g3 g6 3. Bg2 Bg7 4. Nc3
O-O 5. e4 d6 6. Nge2 c5 7. O-O Nc6 8. h3 Be6 9. d3 Nd7 10. Be3 f5 11. f3 fxe4
12. fxe4 Rxf1+ 13. Bxf1 Nde5 14. Nf4 Qd7 15. Bg2 Rf8 16. Kh2 h6 17. Nxe6 Qxe6
18. Qe2 g5 19. Rb1 g4 20. Nd5 Nf3+ 21. Bxf3 gxf3 22. Qf2 Qd7 23. b4 e6 24. b5
exd5 25. bxc6 bxc6 26. exd5 cxd5 27. Bf4 dxc4 28. Qxf3 cxd3 29. Qxd3 d5 30. Qg6
Qf5 31. Qxf5 Rxf5 32. Rb8+ Rf8 33. Rb5 Rc8 34. Bd6 Bf8 35. Bxf8 Kxf8 36. Kg2
Ke7 37. Rb7+ Ke6 38. Kf3 Ke5 39. Rxa7 c4 40. Ke2 c3 41. Kd1 d4 42. Rd7 c2+ 43.
Kc1 Ke4 44. Re7+ Kd3 45. Rb7 Rc3 46. Rb2 Ke2 47. Rb6 Re3 48. Rxh6 Kd3 49. Rc6
Re1+ 50. Kb2 Rb1+ 0-1

[Event "16e Tournoi d'Automne - Tournoi B"]
[Site "Montigny le Bretonneux"]
[Date "2017.10.23"]
[Round "2.2"]
[White "Plantet, Marc"]
[Black "Claisse, Patrick"]
[Result "0-1"]
[WhiteElo "1765"]
[BlackElo "1748"]
[Annotator "Rivier,Sylvain"]
[PlyCount "60"]
[EventDate "2017.??.??"]
[WhiteTeam "ECHECS 78"]
[BlackTeam "CE Le Roi Soleil - Le Chesnay - Versailles"]

{Défense sicilienne, variante Rossolimo} 1. e4 c5 2. Nf3 Nc6 3. Bb5 Nd4 4. Bc4
Nxf3+ 5. Qxf3 e6 6. O-O Nf6 7. Nc3 d6 8. d3 Be7 9. Be3 O-O 10. Rad1 a6 11. d4
cxd4 12. Bxd4 Qc7 13. Qe2 b5 14. Bb3 Bb7 15. Rfe1 Qc6 16. f3 Nd7 17. f4 Bf6 18.
Bxf6 Nxf6 19. e5 dxe5 20. fxe5 Nd7 21. Rd6 Qc7 22. Red1 Qc5+ 23. Kh1 Nxe5 24.
Bd5 Qxd6 25. Bxb7 Qc7 26. Bxa8 Rxa8 27. Qe4 Rc8 28. a4 f5 29. Qb4 Ng4 30. Rd2
Qxh2# 0-1

[Event "16e Tournoi d'Automne - Tournoi B"]
[Site "Montigny le Bretonneux"]
[Date "2017.10.22"]
[Round "2.3"]
[White "Couronne, Patrice"]
[Black "Conq, Alain"]
[Result "0-1"]
[WhiteElo "1657"]
[BlackElo "1829"]
[Annotator "Rivier,Sylvain"]
[PlyCount "120"]
[EventDate "2017.??.??"]

{Défense vieille Benoni} 1. d4 c5 2. Nf3 cxd4 3. Nxd4 e5 4. Nf3 e4 5. Nd4 Nf6
6. e3 a6 7. Be2 d5 8. Nd2 Nc6 9. N2b3 Bb4+ 10. Bd2 Qb6 11. Bxb4 Qxb4+ 12. Qd2
Qxd2+ 13. Kxd2 Nxd4 14. Nxd4 Bd7 15. h3 Rc8 16. a4 Ke7 17. Rhc1 Rc7 18. c4 Rhc8
19. b3 Be6 20. c5 Rxc5 21. Rxc5 Rxc5 22. b4 Rc7 23. b5 a5 24. b6 Rc5 25. Bb5
Bd7 26. Nb3 Rc8 27. Nxa5 Ra8 28. Bxd7 Nxd7 29. Nxb7 Nxb6 30. a5 Nc4+ 31. Kc3
Kd7 32. Kb4 Kc6 33. a6 Kb6 34. Na5 Ne5 35. Kc3 Rxa6 36. Nb3 Rxa1 37. Nxa1 Nd3
38. f4 exf3 39. gxf3 Nf2 40. h4 Kc6 41. Nb3 g6 42. Nd4+ Kd6 43. Ne2 Nh3 44. Kd4
g5 45. hxg5 Nxg5 46. Ng1 Ne6+ 47. Kd3 Ke5 48. Nh3 Kf5 49. Ke2 d4 50. exd4 Nxd4+
51. Kf2 f6 52. Kg3 Ne2+ 53. Kf2 Nf4 54. Ng1 h5 55. Kg3 Kg5 56. Nh3+ Nxh3 57.
Kxh3 Kf4 58. Kh4 Kxf3 59. Kxh5 f5 60. Kh4 f4 0-1

[Event "16e Tournoi d'Automne - Tournoi B"]
[Site "Montigny le Bretonneux"]
[Date "2017.10.22"]
[Round "2.4"]
[White "Taramelli, Marc"]
[Black "Verat-Fayolle, Celian"]
[Result "1/2-1/2"]
[WhiteElo "1787"]
[BlackElo "1734"]
[Annotator "Rivier,Sylvain"]
[PlyCount "89"]
[EventDate "2017.??.??"]

{Partie italienne} 1. e4 e5 2. Nf3 Nc6 3. Bc4 Be7 4. d4 exd4 5. c3 Na5 6. Bd3
dxc3 7. Nxc3 d6 8. O-O Nf6 9. e5 dxe5 10. Qa4+ Nc6 11. Nxe5 Bd7 12. Nxd7 Qxd7
13. Rd1 Qd4 14. Qxd4 Nxd4 15. Bb5+ Nc6 16. Bf4 Rc8 17. Re1 Kd7 18. Rad1+ Bd6
19. Bc4 Nd8 20. Nb5 Ne8 21. Nxa7 Ra8 22. Nb5 Kc6 23. Nxd6 Nxd6 24. Bxd6 cxd6
25. Bd5+ Kd7 26. Re3 Re8 27. Red3 Ra6 28. Bc4 Rb6 29. b3 Ne6 30. a4 Kc7 31. a5
Rb4 32. Rxd6 Rd8 33. Rxd8 Nxd8 34. g3 f6 35. Kf1 Nc6 36. Rd5 Ne5 37. Rb5 Rxb5
38. Bxb5 Nc6 39. a6 Kb6 40. Bxc6 bxc6 41. a7 Kxa7 42. Ke2 Kb6 43. Kd3 Kc5 44.
Kc3 g6 45. b4+ 1/2-1/2

[Event "16e Tournoi d'Automne - Tournoi B"]
[Site "Montigny le Bretonneux"]
[Date "2017.10.22"]
[Round "2.5"]
[White "Chitrit, Norbert"]
[Black "Duval, Dominique"]
[Result "1-0"]
[WhiteElo "1768"]
[BlackElo "1718"]
[Annotator "Rivier,Sylvain"]
[PlyCount "107"]
[EventDate "2017.??.??"]

{Défense sicilienne} 1. e4 c5 2. Nf3 d6 3. c3 Nc6 4. Be2 Nf6 5. d3 g6 6. O-O
Bg7 7. d4 cxd4 8. cxd4 O-O 9. d5 Nb8 10. Nc3 Bg4 11. Be3 Nbd7 12. h3 Bxf3 13.
Bxf3 Rc8 14. Rc1 a6 15. Re1 b5 16. Qd2 Ne5 17. Be2 b4 18. Na4 Rxc1 19. Rxc1 Qa5
20. b3 Nxe4 21. Qc2 Nc3 22. Bb6 Nxe2+ 23. Qxe2 Qb5 24. Qd1 Nd7 25. Be3 Nf6 26.
Nb6 Ne4 27. Rc4 Nc5 28. Bxc5 dxc5 29. Na4 Bd4 30. Qe2 Re8 31. Qe4 Kf8 32. Qc2
Qd7 33. Nxc5 Qxd5 34. Nxa6 Qe5 35. Nxb4 Qe1+ 36. Kh2 Be5+ 37. g3 Rd8 38. Rc8
Rxc8 39. Qxc8+ Kg7 40. Nd3 Qe2 41. Qc4 Bd6 42. Qd4+ Kg8 43. a4 h5 44. Kg2 g5
45. Qe3 Qc2 46. Qxg5+ Kf8 47. Qd5 h4 48. gxh4 Qd2 49. Qh5 Ke8 50. Qf3 Qh6 51.
Qg4 f6 52. h5 Qd2 53. Qg6+ Kd7 54. h6 1-0

[Event "16e Tournoi d'Automne - Tournoi B"]
[Site "Montigny le Bretonneux"]
[Date "2017.10.23"]
[Round "3.2"]
[White "Conq, Alain"]
[Black "Taramelli, Marc"]
[Result "0-1"]
[WhiteElo "1829"]
[BlackElo "1787"]
[Annotator "Rivier,Sylvain"]
[PlyCount "92"]
[EventDate "2017.??.??"]

{Gambit dame, variante Meran-Blumenfeld} 1. d4 d5 2. c4 e6 3. Nc3 Nf6 4. Nf3 c6
5. e3 Nbd7 6. Bd3 dxc4 7. Bxc4 b5 8. Bd3 a6 9. e4 c5 10. e5 cxd4 11. Nxb5 axb5
12. exf6 gxf6 13. O-O Qb6 14. Be4 Bb7 15. Bxb7 Qxb7 16. Nxd4 Rg8 17. Qf3 Qxf3
18. Nxf3 Bc5 19. Re1 Ke7 20. Be3 Bxe3 21. Rxe3 Rac8 22. Nd4 Rc5 23. Rb3 Rgg5
24. Kf1 Rgd5 25. Ne2 Rc2 26. Re1 Rdd2 27. Rxb5 Ne5 28. Rb3 Nd3 29. Rb1 Rxe2 30.
Rxd3 Rxf2+ 31. Ke1 Rxg2 32. Kd1 Rxh2 33. a4 Rcg2 34. Kc1 Rh1+ 35. Rd1 Rxd1+ 36.
Kxd1 Rg1+ 37. Kc2 Rxb1 38. Kxb1 Kd7 39. Kc2 Kc6 40. b4 h5 41. Kd3 h4 42. Ke3
Kd5 43. a5 Kc6 44. a6 f5 45. b5+ Kb6 46. Kf3 e5 0-1

[Event "16e Tournoi d'Automne - Tournoi B"]
[Site "Montigny le Bretonneux"]
[Date "2017.10.23"]
[Round "3.3"]
[White "Duval, Dominique"]
[Black "Gazay, Didier"]
[Result "0-1"]
[WhiteElo "1718"]
[BlackElo "1757"]
[Annotator "Rivier,Sylvain"]
[PlyCount "70"]
[EventDate "2017.??.??"]
[WhiteTeam "La Dame Noire"]
[BlackTeam "Echiquier Scéen - Sceaux"]

{Partie du pion dame} 1. d4 e6 2. Nf3 d5 3. Bf4 c6 4. c3 Be7 5. Nbd2 Nf6 6. h3
O-O 7. e3 Ne4 8. Nxe4 dxe4 9. Nd2 f5 10. Bc4 b5 11. Bb3 a5 12. a4 b4 13. O-O
Bd6 14. Bxd6 Qxd6 15. Nc4 Qe7 16. Ne5 Ba6 17. Re1 g6 18. Rc1 Bb7 19. cxb4 axb4
20. Rc5 Qd6 21. Nc4 Qc7 22. Ne5 Qd6 23. Qc2 Na6 24. Nc4 Qe7 25. Re5 Qc7 26.
Rxe6 Kg7 27. Nd6 c5 28. Nxb7 Qxb7 29. dxc5 Qc7 30. Qc4 Nxc5 31. Qd4+ Kh6 32.
Rc1 Nxe6 33. Qd1 Qe5 34. Qd7 Nc5 35. Qb5 Nd3 0-1

[Event "16e Tournoi d'Automne - Tournoi B"]
[Site "Montigny le Bretonneux"]
[Date "2017.10.23"]
[Round "3.4"]
[White "Claisse, Patrick"]
[Black "Couronne, Patrice"]
[Result "1/2-1/2"]
[WhiteElo "1748"]
[BlackElo "1657"]
[Annotator "Rivier,Sylvain"]
[PlyCount "139"]
[EventDate "2017.??.??"]
[WhiteTeam "CE Le Roi Soleil - Le Chesnay - Versailles"]
[BlackTeam "La Dame Noire"]

{Défense sicilienne, variante du dragon} 1. e4 c5 2. Nf3 Nc6 3. d4 cxd4 4.
Nxd4 Nf6 5. Nc3 g6 6. Be2 Bg7 7. Be3 d6 8. h3 Bd7 9. O-O O-O 10. Nxc6 Bxc6 11.
f3 a6 12. Nd5 Bxd5 13. exd5 Qa5 14. Bc4 Nd7 15. c3 Rac8 16. Bb3 Ne5 17. Qe2 b5
18. Bd4 Rfe8 19. f4 Nc4 20. Bxg7 Kxg7 21. Qf2 Qb6 22. Bxc4 Qxf2+ 23. Rxf2 Rxc4
24. Rd1 Rec8 25. g3 b4 26. cxb4 Rxb4 27. Re2 Rc7 28. Kf2 Kf6 29. Rd3 Rbc4 30.
Ke3 h5 31. Rd4 a5 32. Rxc4 Rxc4 33. Kd3 Rc5 34. Ke4 e6 35. dxe6 fxe6 36. g4
hxg4 37. hxg4 g5 38. b3 Rb5 39. Kf3 gxf4 40. Kxf4 Rb4+ 41. Kf3 Rd4 42. Rh2 Kg6
43. Re2 e5 44. Re4 Rd5 45. Ra4 Rc5 46. Rc4 Rd5 47. Ra4 Kg5 48. Ke3 Rb5 49. Kf3
d5 50. b4 axb4 51. Ra8 b3 52. Rg8+ Kf6 53. axb3 Rxb3+ 54. Kf2 e4 55. Ke2 d4 56.
Rd8 Ke5 57. Kf2 Rb2+ 58. Kg3 e3 59. g5 Ke4 60. Re8+ Kd3 61. Kf3 Rb7 62. g6 Rg7
63. Re6 Kd2 64. Re4 Kd3 65. Re6 Rd7 66. Ra6 Re7 67. Ra3+ Kc2 68. Ke2 Re6 69.
Rd3 Rxg6 70. Rxd4 1/2-1/2

[Event "16e Tournoi d'Automne - Tournoi B"]
[Site "Montigny le Bretonneux"]
[Date "2017.10.23"]
[Round "3.5"]
[White "Verat-Fayolle, Celian"]
[Black "Chitrit, Norbert"]
[Result "0-1"]
[WhiteElo "1734"]
[BlackElo "1768"]
[Annotator "Rivier,Sylvain"]
[PlyCount "100"]
[EventDate "2017.??.??"]

{Partie italienne, guiocco piano} 1. e4 e5 2. Nf3 Nc6 3. Bc4 Bc5 4. c3 Nf6 5.
d4 exd4 6. cxd4 Bb4+ 7. Nbd2 d5 8. exd5 Nxd5 9. O-O O-O 10. a3 Be7 11. Re1 Bf6
12. Ne4 Nb6 13. Nxf6+ Qxf6 14. Ba2 Bg4 15. Be3 Bxf3 16. Qxf3 Qxf3 17. gxf3 Rad8
18. Rac1 Rd7 19. Kg2 h6 20. Kg3 Rfd8 21. Re2 Nd5 22. b4 a6 23. Bc4 Nce7 24.
Rcc2 c6 25. Bxd5 Rxd5 26. Kg4 Nf5 27. Rcd2 Nxd4 28. Rxd4 Rxd4+ 29. Bxd4 Rxd4+
30. Kg3 Kf8 31. Re3 f5 32. f4 Kf7 33. Kf3 g5 34. fxg5 hxg5 35. Ke2 Kf6 36. f3
Rh4 37. Rd3 Rxh2+ 38. Ke3 Ke7 39. Kd4 Kd6 40. Ke3+ Kc7 41. Kd4 Re2 42. a4 b6
43. Kc4 g4 44. fxg4 Re4+ 45. Kb3 Rxg4 46. Rf3 f4 47. Kc4 Kd6 48. Kd4 Rh4 49.
Rf2 f3+ 50. Kc3 Rf4 0-1

[Event "16e Tournoi d'Automne - Tournoi B"]
[Site "Montigny le Bretonneux"]
[Date "2017.10.24"]
[Round "4.1"]
[White "Claisse, Patrick"]
[Black "Bremond, Louis"]
[Result "0-1"]
[WhiteElo "1748"]
[BlackElo "1844"]
[Annotator "Rivier,Sylvain"]
[PlyCount "96"]
[EventDate "2017.??.??"]

{Défense Pirc, variante classique} 1. e4 d6 2. d4 Nf6 3. Nc3 g6 4. Nf3 Bg7 5.
Be2 O-O 6. O-O e5 7. dxe5 dxe5 8. Qxd8 Rxd8 9. Bg5 Re8 10. h3 Be6 11. Rad1 c6
12. Nd2 b5 13. a3 a5 14. Ra1 Nbd7 15. Be3 Bf8 16. f3 Bc5 17. Bxc5 Nxc5 18. f4
b4 19. Nd1 Nfxe4 20. Nxe4 Nxe4 21. fxe5 Bd5 22. Ne3 Rxe5 23. Nxd5 cxd5 24. Rfd1
Rc8 25. axb4 axb4 26. Rac1 Ng3 27. Bf3 Ne2+ 28. Bxe2 Rxe2 29. Rd4 b3 30. c3
Rxb2 31. Rxd5 Rc2 32. Rb1 Rb8 33. Kh2 Rxc3 34. Rd2 Kg7 35. Rdb2 h5 36. Kg1 h4
37. Kf1 Kh6 38. Ke1 f5 39. Kd2 Rg3 40. Ke1 g5 41. Rc1 Rb5 42. Rc8 g4 43. hxg4
fxg4 44. Rh8+ Kg5 45. Rg8+ Kf4 46. Rf8+ Ke4 47. Rh8 h3 48. gxh3 Rxh3 0-1

[Event "16e Tournoi d'Automne - Tournoi B"]
[Site "Montigny le Bretonneux"]
[Date "2017.10.24"]
[Round "4.2"]
[White "Chitrit, Norbert"]
[Black "Conq, Alain"]
[Result "1-0"]
[WhiteElo "1768"]
[BlackElo "1829"]
[Annotator "Rivier,Sylvain"]
[PlyCount "107"]
[EventDate "2017.??.??"]
[WhiteTeam "Tour Blanche Echecs"]
[BlackTeam "Echiquier Scéen - Sceaux"]

{Défense sicilienne, variante O'Kelly} 1. e4 c5 2. Nf3 a6 3. d3 Nc6 4. g3 Nf6
5. Bg2 d5 6. Nbd2 Bg4 7. h3 Bxf3 8. Bxf3 e6 9. O-O Be7 10. c3 O-O 11. Bg2 Qc7
12. Qe2 d4 13. c4 e5 14. Nf3 h6 15. Nh4 Nh7 16. Nf5 Bg5 17. f4 Bf6 18. fxe5
Bxe5 19. Bf4 Bxf4 20. gxf4 Ne7 21. Ng3 Ng6 22. Nh5 Qd7 23. Qf2 Qe7 24. e5 Rab8
25. Rae1 Qh4 26. Ng3 Ne7 27. Re4 f5 28. exf6 Qxf6 29. Rfe1 Nf5 30. Nxf5 Qxf5
31. Re5 Qxd3 32. Kh2 Nf6 33. Rxc5 g5 34. Bf3 Nd7 35. Rd5 Rxf4 36. Qg2 Rxf3 37.
Rxg5+ hxg5 38. Qxg5+ Kh8 39. Qh5+ Qh7 40. Qxf3 Rf8 41. Qg4 Qc2+ 42. Kh1 Qh7 43.
Qxd4+ Qg7 44. Qh4+ Qh7 45. Qxh7+ Kxh7 46. Re7+ Kg6 47. Rxd7 Rc8 48. Rxb7 Rxc4
49. Kg2 Rc2+ 50. Kg3 a5 51. a3 Rc4 52. Rb5 Ra4 53. h4 Kh7 54. Kf3 1-0

[Event "16e Tournoi d'Automne - Tournoi B"]
[Site "Montigny le Bretonneux"]
[Date "2017.10.24"]
[Round "4.3"]
[White "Couronne, Patrice"]
[Black "Taramelli, Marc"]
[Result "0-1"]
[WhiteElo "1657"]
[BlackElo "1787"]
[Annotator "Rivier,Sylvain"]
[PlyCount "50"]
[EventDate "2017.??.??"]

{Gambit dame, variante Meran} 1. d4 Nf6 2. c4 d5 3. Nc3 e6 4. e3 c6 5. Bd3 dxc4
6. Bxc4 b5 7. Bd3 a6 8. Nf3 Nbd7 9. O-O Bb7 10. Re1 c5 11. Bd2 cxd4 12. Nxd4
Bd6 13. Rc1 O-O 14. Bb1 Ne5 15. Re2 Nfg4 16. Be4 Bxe4 17. Nxe4 Nd3 18. Rc2
Bxh2+ 19. Kf1 Qd5 20. Ba5 Qxe4 21. Rc3 Ngxf2 22. Rxf2 Nxf2 23. Kxf2 Qh4+ 24.
Kf1 Be5 25. Kg1 Qh2+ 0-1

[Event "16e Tournoi d'Automne - Tournoi B"]
[Site "Montigny le Bretonneux"]
[Date "2017.10.24"]
[Round "4.4"]
[White "Plantet, Marc"]
[Black "Duval, Dominique"]
[Result "0-1"]
[WhiteElo "1765"]
[BlackElo "1718"]
[Annotator "Rivier,Sylvain"]
[PlyCount "92"]
[EventDate "2017.??.??"]

{Défense sicilienne, variante du dragon} 1. e4 c5 2. Nf3 d6 3. d4 cxd4 4. Nxd4
Nf6 5. Nc3 g6 6. Be3 a6 7. Bc4 b5 8. Bb3 Bb7 9. O-O Nbd7 10. f4 Nxe4 11. Ndxb5
axb5 12. Nxe4 Bxe4 13. Qd4 Nf6 14. g4 Qc8 15. h3 Bg7 16. f5 gxf5 17. g5 Nh5 18.
Bxf7+ Kxf7 19. Qxe4 Ng3 20. Qd5+ Qe6 21. Qxe6+ Kxe6 22. Rfe1 Ne4 23. c3 h5 24.
h4 Be5 25. Kg2 Rac8 26. a3 Rhg8 27. Rad1 Rc4 28. Kf3 Nc5 29. Bd4 Nd7 30. b3
Rcc8 31. Re3 Nf8 32. Kg2 Ng6 33. Kh3 Ra8 34. c4 bxc4 35. bxc4 Rgc8 36. c5 Ra4
37. cxd6 exd6 38. Bxe5 dxe5 39. Rb3 Rxh4+ 40. Kg3 Rg4+ 41. Kf3 e4+ 42. Kf2 Rc2+
43. Kf1 Rh4 44. Rb6+ Ke5 45. Rb5+ Kf4 46. Kg1 Ne5 0-1

[Event "16e Tournoi d'Automne - Tournoi B"]
[Site "Montigny le Bretonneux"]
[Date "2017.10.24"]
[Round "4.5"]
[White "Gazay, Didier"]
[Black "Verat-Fayolle, Celian"]
[Result "1-0"]
[WhiteElo "1757"]
[BlackElo "1734"]
[Annotator "Rivier,Sylvain"]
[PlyCount "31"]
[EventDate "2017.??.??"]

{Ouverture anglaise, variante Nimzovitch} 1. c4 e5 2. g3 Nc6 3. Bg2 f5 4. d3
Nf6 5. Nf3 Bc5 6. O-O O-O 7. a3 a5 8. Nc3 d6 9. Bg5 Be6 10. Qa4 Qd7 11. Bxf6
Rxf6 12. Ng5 Rg6 13. Nxe6 Qxe6 14. Bd5 Qxd5 15. Nxd5 f4 16. Kg2 1-0

[Event "16e Tournoi d'Automne - Tournoi B"]
[Site "Montigny le Bretonneux"]
[Date "2017.10.25"]
[Round "5.1"]
[White "Conq, Alain"]
[Black "Gazay, Didier"]
[Result "1-0"]
[WhiteElo "1829"]
[BlackElo "1757"]
[Annotator "Rivier,Sylvain"]
[PlyCount "27"]
[EventDate "2017.??.??"]

{Défense hollandaise-indienne} 1. d4 e6 2. c4 d5 3. Nc3 f5 4. Nf3 Nf6 5. g3 c6
6. Bg2 b6 7. O-O Bb7 8. cxd5 exd5 9. Bg5 Nbd7 10. Qd3 g6 11. Qe3+ Qe7 12. Ne5
h6 13. Bxf6 Nxf6 14. Nxg6 1-0

[Event "16e Tournoi d'Automne - Tournoi B"]
[Site "Montigny le Bretonneux"]
[Date "2017.10.25"]
[Round "5.2"]
[White "Bremond, Louis"]
[Black "Couronne, Patrice"]
[Result "1-0"]
[WhiteElo "1844"]
[BlackElo "1657"]
[Annotator "Rivier,Sylvain"]
[PlyCount "41"]
[EventDate "2017.??.??"]

{Défense sicilienne, gambit Morra} 1. e4 c5 2. d4 cxd4 3. c3 dxc3 4. Nxc3 g6 5.
Bc4 Bg7 6. Nf3 Nc6 7. Bf4 d6 8. e5 Bg4 9. exd6 Bxf3 10. Qxf3 e6 11. Nb5 Kd7 12.
Nc7 Rb8 13. Bb5 a6 14. Bxc6+ bxc6 15. Rc1 Rb6 16. Be3 c5 17. Qxf7+ Kc8 18. Qxg7
Nf6 19. Nxe6 Rg8 20. Rxc5+ Kb8 21. Qf7 1-0

[Event "16e Tournoi d'Automne - Tournoi B"]
[Site "Montigny le Bretonneux"]
[Date "2017.10.25"]
[Round "5.3"]
[White "Taramelli, Marc"]
[Black "Chitrit, Norbert"]
[Result "1-0"]
[WhiteElo "1787"]
[BlackElo "1768"]
[Annotator "Rivier,Sylvain"]
[PlyCount "33"]
[EventDate "2017.??.??"]

{Partie italienne, guiocco piano} 1. e4 e5 2. Nf3 Nc6 3. Bc4 Bc5 4. c3 Nf6 5.
d4 exd4 6. cxd4 Bb4+ 7. Nc3 Nxe4 8. O-O Bxc3 9. d5 Bf6 10. Re1 Ne7 11. Rxe4 O-O
12. d6 cxd6 13. Qxd6 Nf5 14. Qd5 d6 15. Bg5 Bxg5 16. Nxg5 Qxg5 17. Qxf7+ 1-0

[Event "16e Tournoi d'Automne - Tournoi B"]
[Site "Montigny le Bretonneux"]
[Date "2017.10.25"]
[Round "5.4"]
[White "Verat-Fayolle, Celian"]
[Black "Plantet, Marc"]
[Result "0-1"]
[WhiteElo "1734"]
[BlackElo "1765"]
[Annotator "Rivier,Sylvain"]
[PlyCount "94"]
[EventDate "2017.??.??"]

{Défense Caro-Kann, variante d'échange} 1. e4 c6 2. c4 d5 3. exd5 cxd5 4. d4
Nf6 5. Nc3 Nc6 6. Nf3 Bg4 7. cxd5 Nxd5 8. Be2 e6 9. O-O Be7 10. Be3 O-O 11. Rc1
Bf6 12. Ne4 Nce7 13. Nxf6+ Nxf6 14. Bg5 Ned5 15. Ne5 Bxe2 16. Qxe2 h6 17. Bh4
Qb6 18. Rfd1 Rac8 19. Nc4 Qa6 20. Bxf6 Nxf6 21. b3 Rfd8 22. a4 Qc6 23. f3 Qd5
24. Qd2 Qh5 25. Ne3 Nd5 26. Rxc8 Rxc8 27. Qa5 b6 28. Qb5 Qg5 29. Nxd5 Qxd5 30.
Qxd5 exd5 31. Rd3 Rc2 32. h4 g6 33. Kh2 Kf8 34. Kh3 f5 35. g4 f4 36. h5 g5 37.
b4 Rc4 38. a5 b5 39. Kg2 Rxb4 40. Rc3 Rc4 41. Rb3 b4 42. Rd3 Rc3 43. Rd2 b3 44.
Kf2 Ke7 45. Ke2 Kd6 46. Rd3 b2 47. Rd1 Rc1 0-1